Elementary Mechanics of solids (Record no. 241550)
[ view plain ]
| 000 -LEADER | |
|---|---|
| fixed length control field | 00209 a2200097 4500 |
| 001 - CONTROL NUMBER | |
| control field | 6477 |
| 090 ## - LOCALLY ASSIGNED LC-TYPE CALL NUMBER (OCLC); LOCAL CALL NUMBER (RLIN) | |
| -- | 5335 |
| -- | 5335 |
| 100 ## - MAIN ENTRY--PERSONAL NAME | |
| Personal name | Benham, P P |
| 245 ## - TITLE STATEMENT | |
| Title | Elementary Mechanics of solids |
| 260 ## - PUBLICATION, DISTRIBUTION, ETC. | |
| Place of publication, distribution, etc. | |
| Name of publisher, distributor, etc. | pergamon |
| Date of publication, distribution, etc. | |
| 942 ## - ADDED ENTRY ELEMENTS (KOHA) | |
| Institution code [OBSOLETE] | NUST-CAE |
| Koha item type | |
| -- | |
| Withdrawn status | Lost status | Damaged status | Not for loan | Collection code | Permanent Location | Current Location | Date acquired | Total Checkouts | Barcode | Date last seen | Price effective from | Koha item type |
|---|---|---|---|---|---|---|---|---|---|---|---|---|
| College of Aeronautical Engineering (CAE) | College of Aeronautical Engineering (CAE) | 04/03/2017 | CAE15880 | 04/05/2017 | 04/05/2017 | Book |
